BASIC surgical skills and techniques

Guardat en:
Dades bibliogràfiques
Format: Llibre
Idioma:anglès
Publicat: Jaypee Brothers Medical Publishers 2013
Etiquetes: Afegir etiqueta
Sense etiquetes, Sigues el primer a etiquetar aquest registre!

MARC

LEADER 00000nam a22000007a 4500
008 211026b ||||| |||| 00| 0 eng d
020 |a 9789350903759 
245 |a BASIC surgical skills and techniques  |c edited by Sudhir Kumar Jain, David L. Stoker and Raman Tanwar  |g XVII, 157p. 
250 |b 2nd edition  |c  Jain, Sudhir Kumar, Stoker, David L. and Tanwar, Raman  
260 |b Jaypee Brothers Medical Publishers  |c 2013  |h New Delhi  |i 697116, 697117  |l RD 32 .J19  |m Surgery operative  |m Surgical Procedures, Operative--methods.  |m Surgery Operative-- Technique 
500 |a It includes illustration and bibliographic index 
942 |a lcc  |c BK  |e Adeyeye Y. S.  |f 26/10/21 
952 |0 0  |1 0  |2 lcc  |4 0  |6 RD0032 J19  |7 0  |9 3691  |a HOL  |b HOL  |c QZ  |d 2021-10-26  |l 0  |o RD 32 .J19  |p 2021-67426  |r 2021-10-26 00:00:00  |w 2021-10-26  |y BK 
952 |0 0  |1 0  |2 lcc  |4 0  |6 RD0032 J19  |7 0  |9 3692  |a HOL  |b ML  |c QZ  |d 2021-10-26  |l 0  |o RD 32 .J19  |p 2021-67427  |r 2021-10-26 00:00:00  |w 2021-10-26  |y BK 
999 |c 1837  |d 1837